Schaum's outlines : (Record no. 22443)

MARC details
000 -LEADER
fixed length control field 01979cam a22004095i 4500
001 - CONTROL NUMBER
control field 17449704
003 - CONTROL NUMBER IDENTIFIER
control field EG-ScBUE
005 - DATE AND TIME OF LATEST TRANSACTION
control field 20250723085613.0
008 - FIXED-LENGTH DATA ELEMENTS--GENERAL INFORMATION
fixed length control field 120831t2014 nyua f bd 001 0 eng d
020 ## - INTERNATIONAL STANDARD BOOK NUMBER
International Standard Book Number 9780071811347 (pbk.)
020 ## - INTERNATIONAL STANDARD BOOK NUMBER
International Standard Book Number 0071811346 (pbk.)
035 ## - SYSTEM CONTROL NUMBER
System control number (OCoLC)ocn806018701
040 ## - CATALOGING SOURCE
Original cataloging agency EG-ScBUE
Language of cataloging eng
Description conventions rda
Transcribing agency EG-ScBUE
Modifying agency EG-ScBUE
082 04 - DEWEY DECIMAL CLASSIFICATION NUMBER
Classification number 540.76
Item number GOL
Edition number 22
100 1# - MAIN ENTRY--PERSONAL NAME
Personal name Goldberg, David E.
Fuller form of name (David Elliott),
Dates associated with a name 1932-
9 (RLIN) 41305
Relator term author.
245 10 - TITLE STATEMENT
Title Schaum's outlines :
Remainder of title beginning chemistry /
Statement of responsibility, etc David E. Goldberg, PhD, professor emeritus of chemistry, Brooklyn College, City University of New York.
246 30 - VARYING FORM OF TITLE
Title proper/short title Beginning chemistry
250 ## - EDITION STATEMENT
Edition statement Fourth edition.
264 #1 - PUBLICATION, DISTRIBUTION, ETC. (IMPRINT)
Place of publication, distribution, etc New York :
Name of publisher, distributor, etc McGraw-Hill Education,
Date of publication, distribution, etc [2014]
264 #4 - PUBLICATION, DISTRIBUTION, ETC. (IMPRINT)
Date of publication, distribution, etc c2014
300 ## - PHYSICAL DESCRIPTION
Extent xi, 368 pages :
Other physical details illustrations ;
Dimensions 28 cm.
336 ## - CONTENT TYPE
Source rdacontent
Content type term text
Content type code txt
337 ## - MEDIA TYPE
Media type term unmediated
Source rdamedia
Media type code n
338 ## - CARRIER TYPE
Carrier type term volume
Carrier type code nc
Source rdacarrier
490 0# - SERIES STATEMENT
Series statement Schaum’s outline series
500 ## - GENERAL NOTE
General note At head of title : Schaum's outlines.
500 ## - GENERAL NOTE
General note Includes Appendices.<br/>
500 ## - GENERAL NOTE
General note Includes glossary.<br/>
504 ## - BIBLIOGRAPHY, ETC. NOTE
Bibliography, etc Includes bibliographical references and index.<br/>
505 0# - FORMATTED CONTENTS NOTE
Formatted contents note Basic concepts -- Mathematical methods in chemistry -- Atoms and atomic masses -- Electronic configuration of the atom -- Chemical bonding -- Inorganic nomenclature -- Formula calculations -- Chemical equations -- Net ionic equations -- Stiochiometry -- Molarity -- Gases -- Kinetic molecular theory -- Oxidation and reduction -- Solutions -- Rates and equilibrium -- Acid-base theory -- Organic chemistry -- Nuclear reactions -- Scientific calculations.
520 ## - SUMMARY, ETC.
Summary, etc Includes 673 fully solved problems and examples with explanations of chemistry concepts.
650 #7 - SUBJECT ADDED ENTRY--TOPICAL TERM
Topical term or geographic name as entry element Chemistry
Form subdivision Outlines, syllabi, etc.
Source of heading or term BUEsh
9 (RLIN) 41306
650 #7 - SUBJECT ADDED ENTRY--TOPICAL TERM
Topical term or geographic name as entry element Chemistry
Form subdivision Problems, exercises, etc.
Source of heading or term BUEsh
9 (RLIN) 41307
653 ## - INDEX TERM--UNCONTROLLED
Resource For college Engineering, Electrical
Arrived date list October2016
655 ## - INDEX TERM--GENRE/FORM
Form subdivision Reading book
9 (RLIN) 34232
942 ## - ADDED ENTRY ELEMENTS (KOHA)
Source of classification or shelving scheme Dewey Decimal Classification
Koha item type Book - Borrowing
Holdings
Withdrawn status Lost status Source of classification or shelving scheme Damaged status Not for loan Collection code Home library Current library Shelving location Date acquired Source of acquisition Cost, normal purchase price Total Checkouts Full call number Barcode Date last seen Koha item type
    Dewey Decimal Classification     Baccah Central Library Central Library First floor 03/10/2016 Purchase 260.00   540.76 GOL 000033792 15/07/2025 Book - Borrowing